Report Of The Finance Committee On The Financing Agreement Between The GOG And The International Development Association (IDA) For An Amount Of SDR59.1 Million (US$ 90 Million Equivalent) To Finance The Ghana Energy Development Access Project (GEDAP). (Record no. 4517)

MARC details
000 -LEADER
fixed length control field 00746nam a22001697a 4500
003 - CONTROL NUMBER IDENTIFIER
control field OSt
005 - DATE AND TIME OF LATEST TRANSACTION
control field 20240920115226.0
008 - FIXED-LENGTH DATA ELEMENTS--GENERAL INFORMATION
fixed length control field 240920b |||||||| |||| 00| 0 eng d
041 ## - LANGUAGE CODE
Language code of text/sound track or separate title English
082 ## - DEWEY DECIMAL CLASSIFICATION NUMBER
Classification number CR/IDA/07 Acc.no. 9921
110 ## - MAIN ENTRY--CORPORATE NAME
Corporate name or jurisdiction name as entry element Parliament Of Ghana
245 ## - TITLE STATEMENT
Title Report Of The Finance Committee On The Financing Agreement Between The GOG And The International Development Association (IDA) For An Amount Of SDR59.1 Million (US$ 90 Million Equivalent) To Finance The Ghana Energy Development Access Project (GEDAP).
260 ## - PUBLICATION, DISTRIBUTION, ETC.
Place of publication, distribution, etc. Accra
Name of publisher, distributor, etc. Parliament Of Ghana
Date of publication, distribution, etc. 2007
300 ## - PHYSICAL DESCRIPTION
Extent 4p., tabs.;
650 ## - SUBJECT ADDED ENTRY--TOPICAL TERM
Source of heading or term SDR59.1 Million (US$ 90 Million Equivalent) To Finance The Ghana Energy Development Access Project (GEDAP).
942 ## - ADDED ENTRY ELEMENTS (KOHA)
Source of classification or shelving scheme Dewey Decimal Classification
Koha item type Reports
Suppress in OPAC No
Holdings
Withdrawn status Lost status Source of classification or shelving scheme Damaged status Not for loan Home library Current library Shelving location Date acquired Total checkouts Full call number Date last seen Copy number Price effective from Koha item type
    Dewey Decimal Classification     Main Library Main Library Open Shelves 20/09/2024   CR/IDA/07 Acc.no. 9921 C1 20/09/2024 1 20/09/2024 Reports
©2026  Parliament of Ghana Library - All rights reserved